000 00711nam a2200241 a 4500
008
020 _a1842850644 (pbk.)
049 _aMAIN
090 _aLB1049
_bKEN
100 1 _aKennedy, John.
245 1 0 _aStudy skills :
_bmaximise your time to pass exams /
_cJohn Kennedy.
260 _aUnited kingdom :
_bStudymates,
_cc2005.
300 _axiv, 210 p. :
_bill. ;
_c22 cm.
440 _aA studymates series.
504 _aIncludes bibliographical references.
500 _aIncludes index.
650 _aMethods of study.
907 _a.b10293887
_b29-10-13
_c29-03-11
003
005 20230123125211.0
040 _cNUST
942 _cBOOKS
_kLB1049
_mKEN
999 _c137447
_d137447